Les villes les plus peuplées de Marne - Statistiques

Statistiques générales
  • Ce quiz a été pris 266 fois
  • Le résultat moyen est 10 sur 20
Statistiques - réponses
Population Ville % Correct
187 181 Reims
99%
47 338 Châlons-en-Champagne
96%
25 829 Épernay
93%
16 725 Vitry-le-François
77%
6 402 Cormontreuil
60%
10 079 Tinqueux
59%
5 588 Sézanne
57%
4 971 Sainte-Menehould
49%
4 312 Ay
43%
5 306 Fismes
37%
5 937 Bétheny
34%
3 510 Suippes
33%
4 625 Witry-lès-Reims
33%
3 528 Saint-Brice-Courcelles
32%
5 669 Saint-Memmie
32%
3 783 Montmirail
31%
3 120 Dormans
30%
5 046 Fagnières
30%
4 654 Mourmelon-le-Grand
28%
2 582 Courtisols
11%
Aucun quiz correspondant
Distribution des résultats
% des personnes avec chaque résultat
Percentile par nombre de réponses
Votre historique - résultats
Vous n’avez pas pris ce quiz